ESTIMATING CONSTRUCTION COSTS / (Record no. 587251)

000 -LEADER
fixed length control field 00343nam a22001217a 4500
040 ## - CATALOGING SOURCE
Transcribing agency FIZZA ISHAQ
082 ## - DEWEY DECIMAL CLASSIFICATION NUMBER
Classification number 692.8
Author Mark ROB
100 ## - MAIN ENTRY--PERSONAL NAME
Personal name D, GUROLD PEURIFOY L. ROBERT.
9 (RLIN) 86136
245 ## - TITLE STATEMENT
Title ESTIMATING CONSTRUCTION COSTS /
Statement of responsibility, etc. ROBERT L. PEURIFOY GUROLD D.
260 ## - PUBLICATION, DISTRIBUTION, ETC.
Place of publication, distribution, etc. CANADA "
Name of publisher, distributor, etc. JHON WILEY SON,
Date of publication, distribution, etc. 2017.
300 ## - PHYSICAL DESCRIPTION
Extent 574 P. ;
942 ## - ADDED ENTRY ELEMENTS (KOHA)
Source of classification or shelving scheme
Koha item type Book
Holdings
Withdrawn status Lost status Source of classification or shelving scheme Damaged status Not for loan Permanent Location Current Location Date acquired Full call number Barcode Date last seen Copy number Price effective from Koha item type
          NUST Baluchistan Campus (NBC) NUST Baluchistan Campus (NBC) 12/08/2021 692.8 ROB Q-2144 12/08/2021 3 12/08/2021 Book
© 2023 Central Library, National University of Sciences and Technology. All Rights Reserved.